000 00670cab a2200253 4500
001 WB3306-42
008 090401t1997 xxu||||| |||| 00| 0 eng d
035 _a(Sirsi) u44071
041 _aeng
245 _aHome truths
260 _c1997
350 _a0
490 _aObserver
_v2 February 1997, 16(1)
520 _aAdvice on what to do if you discover a problem with your new home after you have moved in.
650 _aBoundary disputes
_96221
650 _aCONTAMINATED LAND
650 _aCONVEYANCERS
650 _aNEGLIGENCE
650 _aSUBSIDENCE
650 _aSURVEYORS
690 _aPROFESSIONAL PRACTICE
942 _n0
948 _c04/03/1997
999 _c28099
_d28099